[Event "Montrevel en Bresse-Epinal"]
[Site "Epinal"]
[Date "2008.04.05"]
[Round "10.3"]
[White "Lamoureux, Charles"]
[Black "Adrian, Claude"]
[Result "0-1"]
[WhiteElo "2348"]
[BlackElo "2279"]
[PlyCount "53"]
[EventDate "2008.04.05"]
[SourceDate "2007.10.27"]

1. e4 c5 2. Nf3 Nc6 3. d4 cxd4 4. Nxd4 g6 5. Be2 Bg7 6. Nb3 d6 7. O-O Be6 8. f4
Rc8 9. Nc3 Bxc3 10. bxc3 Nf6 11. Bd3 b5 12. Kh1 Bc4 13. Qe1 O-O 14. Rf3 Qd7 15.
Rh3 a5 16. f5 Bxd3 17. cxd3 a4 18. Nd4 Nxd4 19. cxd4 Rc2 20. Qh4 Rfc8 21. Bg5
h5 22. Rg3 Qa7 23. e5 dxe5 24. dxe5 Qc5 25. h3 Qxe5 26. Rf1 Qe2 27. Kg1 {
suite illisible} 0-1

[Event "Montrevel en Bresse-Epinal"]
[Site "Epinal"]
[Date "2008.04.05"]
[Round "10.4"]
[White "Spielmann, Alain"]
[Black "Todorov, Ognjan"]
[Result "1/2-1/2"]
[WhiteElo "2308"]
[BlackElo "2326"]
[PlyCount "39"]
[EventDate "2008.04.05"]
[SourceDate "2007.10.27"]

1. Nf3 Nf6 2. c4 c5 3. Nc3 g6 4. g3 Bg7 5. Bg2 O-O 6. O-O Nc6 7. d4 cxd4 8.
Nxd4 Ng4 9. e3 d6 10. Nde2 Qa5 11. Nd5 Nge5 12. Bd2 Qd8 13. b3 Rb8 14. Bc3 b6
15. Qd2 Bh3 16. Rad1 Bxg2 17. Kxg2 f6 18. h4 Qd7 19. f3 e6 20. Nb4 {
suite illisible} 1/2-1/2

[Event "Montrevel en Bresse-Epinal"]
[Site "Epinal"]
[Date "2008.04.05"]
[Round "10.5"]
[White "Lamoureux, Izabelle"]
[Black "Bakalarz, Mietek"]
[Result "0-1"]
[WhiteElo "2093"]
[BlackElo "2361"]
[PlyCount "72"]
[EventDate "2008.04.05"]
[SourceDate "2007.10.27"]

1. e4 c5 2. Nf3 d6 3. d4 cxd4 4. Nxd4 Nf6 5. Nc3 g6 6. Be2 Bg7 7. O-O O-O 8.
Bg5 Nc6 9. Nb3 a6 10. a4 h6 11. Bh4 g5 12. Bg3 e5 13. Qd2 Be6 14. Rfd1 Bxb3 15.
cxb3 Nd4 16. Bc4 Nxe4 17. Nxe4 d5 18. f3 dxc4 19. bxc4 Rc8 20. Qd3 Qb6 21. Bf2
Rfd8 22. Rab1 Qe6 23. b3 g4 24. Kh1 gxf3 25. gxf3 Qf5 26. Bh4 Rd7 27. Rg1 Rc6
28. Rbd1 Kh8 29. Bf2 Rg6 30. Rg3 Rxg3 31. hxg3 Qh3+ 32. Kg1 f5 33. Nc5 Rd6 34.
Qe3 f4 35. Qe4 fxg3 36. Be3 Ne2# 0-1

[Event "Montrevel en Bresse-Epinal"]
[Site "Epinal"]
[Date "2008.04.05"]
[Round "10.6"]
[White "Cordier, Arnaud"]
[Black "Cavillon, Fabien"]
[Result "1-0"]
[WhiteElo "2155"]
[BlackElo "2118"]
[PlyCount "66"]
[EventDate "2008.04.05"]
[SourceDate "2007.10.27"]

1. e4 e6 2. d4 d5 3. Nd2 Be7 4. Ngf3 Nf6 5. e5 Nfd7 6. Bd3 c5 7. c3 Nc6 8. O-O
Qb6 9. Re1 g5 10. h3 h5 11. Nf1 g4 12. hxg4 cxd4 13. g5 dxc3 14. bxc3 Nf8 15.
Nd4 a6 16. Ng3 Bd7 17. Rb1 Qc7 18. Nxh5 Nxe5 19. Rxe5 Rxh5 20. Qxh5 Qxe5 21.
Bd2 b5 22. Re1 Qg7 23. Nf3 O-O-O 24. Ne5 Be8 25. Qh6 Qg8 26. a4 Kc7 27. axb5
axb5 28. Qh3 Ra8 29. Bf4 Bd6 30. Qe3 Ra6 31. Nxf7 Qxf7 32. Qc5+ Kd8 33. Bxd6
Nd7 1-0

[Event "Montrevel en Bresse-Epinal"]
[Site "Epinal"]
[Date "2008.04.05"]
[Round "10.7"]
[White "Chebance, Benoit"]
[Black "Simon, Leopold"]
[Result "1/2-1/2"]
[WhiteElo "1994"]
[BlackElo "2134"]
[PlyCount "52"]
[EventDate "2008.04.05"]
[SourceDate "2007.10.27"]

1. e4 e6 2. d4 d5 3. Nc3 dxe4 4. Nxe4 Nd7 5. Nf3 Ngf6 6. Nxf6+ Nxf6 7. Bd3 Be7
8. O-O O-O 9. c3 b6 10. Qe2 Bb7 11. Re1 Qd5 12. Qe5 Qxe5 13. Nxe5 c5 14. dxc5
Bxc5 15. Be3 Bxe3 16. Rxe3 Rfd8 17. c4 Nd7 18. Nxd7 Rxd7 19. Be4 Bxe4 20. Rxe4
Rd2 21. b3 Rad8 22. Kf1 Kf8 23. Re2 Rd1+ 24. Rxd1 Rxd1+ 25. Re1 Rd2 26. Re2
Rd1+ 1/2-1/2

[Event "Montrevel en Bresse-Epinal"]
[Site "Epinal"]
[Date "2008.04.05"]
[Round "10.8"]
[White "Baujard, Anne"]
[Black "Testard, Philippe"]
[Result "0-1"]
[WhiteElo "1922"]
[BlackElo "1934"]
[PlyCount "96"]
[EventDate "2008.04.05"]
[SourceDate "2007.10.27"]

1. c4 e5 2. g3 Nc6 3. Bg2 f5 4. Nc3 Nf6 5. e3 Bc5 6. Nge2 e4 7. d4 Be7 8. a3 a5
9. Bd2 O-O 10. Rc1 Qe8 11. Nb5 Bd8 12. Nf4 Qf7 13. Qa4 d6 14. c5 d5 15. b4 Bd7
16. bxa5 Na7 17. Bf1 Qe8 18. Rb1 g5 19. Nh3 h6 20. Qb3 Qh5 21. Ng1 Qe8 22. a4
Nc6 23. Ne2 Qh5 24. Ng1 Qe8 25. Bb4 Rf7 26. Qc3 f4 27. exf4 e3 28. f3 gxf4 29.
gxf4 Nh5 30. Ne2 Bh4+ 31. Kd1 Bf5 32. Rb2 Bf2 33. h3 Nd8 34. Ba3 Ne6 35. Ra2
Rg7 36. Bc1 Nexf4 37. Nxf4 Nxf4 38. Ba3 Ra6 39. Bc1 Nh5 40. Rh2 Re6 41. Rhxf2
exf2 42. Rxf2 Qd7 43. h4 Rg1 44. Kd2 Qe7 45. Bd3 Qxh4 46. Re2 Rxe2+ 47. Kxe2
Rg2+ 48. Kd1 Qh1+ 0-1

[Event "Mundolsheim-Reims Echec et Mat"]
[Site "Epinal"]
[Date "2008.04.05"]
[Round "10.1"]
[White "Anka, Emil"]
[Black "Camus, Berenger"]
[Result "1/2-1/2"]
[WhiteElo "2392"]
[BlackElo "2164"]
[PlyCount "58"]
[EventDate "2008.04.05"]
[SourceDate "2007.10.27"]

1. e4 c5 2. Nf3 Nc6 3. d4 cxd4 4. Nxd4 Nf6 5. Nc3 e5 6. Ndb5 d6 7. Bg5 a6 8.
Na3 b5 9. Nd5 Be7 10. Bxf6 Bxf6 11. c3 O-O 12. Nc2 Bg5 13. a4 bxa4 14. Rxa4 a5
15. Bc4 Rb8 16. Ra2 Kh8 17. O-O Be6 18. Nce3 Qc8 19. Qa4 f5 20. exf5 Bxd5 21.
Bxd5 Bxe3 22. fxe3 Ne7 23. Be6 Qc5 24. Qe4 Rbe8 25. g4 d5 26. Qd3 Rd8 27. Rf2
Nc6 28. Ra1 e4 29. Qd2 Ne5 1/2-1/2

[Event "Mundolsheim-Reims Echec et Mat"]
[Site "Epinal"]
[Date "2008.04.05"]
[Round "10.2"]
[White "Oudot, Jean Baptiste"]
[Black "Peter, Sebastien"]
[Result "0-1"]
[WhiteElo "2112"]
[BlackElo "2283"]
[PlyCount "54"]
[EventDate "2008.04.05"]
[SourceDate "2007.10.27"]

1. e4 e6 2. d4 d5 3. Nc3 Nc6 4. e5 f6 5. exf6 Nxf6 6. Nf3 Bd6 7. Bb5 O-O 8.
Bxc6 bxc6 9. Na4 Ne4 10. O-O Qf6 11. Qe2 a5 12. c4 Ba6 13. b3 c5 14. Ne5 cxd4
15. Nd7 Qf5 16. Nxf8 Rxf8 17. Bb2 c5 18. Rad1 dxc4 19. bxc4 Bb7 20. f3 Ng5 21.
Ba3 Qf4 22. g3 Nxf3+ 23. Rxf3 Qxf3 24. Qxf3 Bxf3 25. Rf1 Be2 26. Rxf8+ Kxf8 27.
Nxc5 Ke7 0-1

[Event "Mundolsheim-Reims Echec et Mat"]
[Site "Epinal"]
[Date "2008.04.05"]
[Round "10.3"]
[White "Briet, Antoine"]
[Black "Varoquier, Romain"]
[Result "1-0"]
[WhiteElo "2156"]
[BlackElo "2071"]
[PlyCount "65"]
[EventDate "2008.04.05"]
[SourceDate "2007.10.27"]

1. e4 e5 2. Nf3 Nc6 3. Bb5 a6 4. Ba4 Nf6 5. O-O Be7 6. Re1 b5 7. Bb3 d6 8. c3
O-O 9. h3 Na5 10. Bc2 c5 11. d4 Qc7 12. Nbd2 Bd7 13. Nf1 cxd4 14. cxd4 Rfd8 15.
Ne3 Nc6 16. Bb3 Bf8 17. dxe5 Nxe5 18. Nd4 Re8 19. Nd5 Nxd5 20. Bxd5 Rac8 21.
Bf4 Qd8 22. b3 Qf6 23. Be3 Nc6 24. Qd2 Qg6 25. Ne2 Rxe4 26. Nf4 Rxf4 27. Bxf4
Bxh3 28. Re3 Be6 29. Rae1 Bxd5 30. Qxd5 Nb4 31. Qb7 Qf5 32. Bxd6 Rc2 33. Rf3
1-0

[Event "Mundolsheim-Reims Echec et Mat"]
[Site "Epinal"]
[Date "2008.04.05"]
[Round "10.4"]
[White "Garcia, Gilles"]
[Black "Martin, Cedric"]
[Result "0-1"]
[WhiteElo "2003"]
[BlackElo "2125"]
[PlyCount "70"]
[EventDate "2008.04.05"]
[SourceDate "2007.10.27"]

1. d4 d6 2. e4 g6 3. Be3 Bg7 4. Nd2 Nf6 5. c3 O-O 6. Be2 Nc6 7. h4 h5 8. f3 e5
9. d5 Ne7 10. Nh3 Nh7 11. g4 f5 12. gxf5 gxf5 13. f4 fxe4 14. Nxe4 Nf5 15. Qd2
Nxe3 16. Qxe3 Qxh4+ 17. Qg3 Rxf4 18. Nxf4 Qxh1+ 19. Kf2 Qxe4 20. Nxh5 Qf5+ 21.
Kg1 Qg5 22. Qxg5 Nxg5 23. Kh2 Bf5 24. Rg1 Bh6 25. Ng3 Rf8 26. Rf1 Bg6 27. Rxf8+
Kxf8 28. Bg4 Ne4 29. Nf5 Bf4+ 30. Kh3 Nf2+ 31. Kh4 Nxg4 32. Kxg4 Bxf5+ 33. Kxf5
Kf7 34. c4 a5 35. b3 b6 0-1

[Event "Mundolsheim-Reims Echec et Mat"]
[Site "Epinal"]
[Date "2008.04.05"]
[Round "10.5"]
[White "Duchateau, Thomas"]
[Black "Castanier, Carl"]
[Result "0-1"]
[WhiteElo "2126"]
[BlackElo "1966"]
[PlyCount "139"]
[EventDate "2008.04.05"]
[SourceDate "2007.10.27"]

1. d4 d5 2. c4 dxc4 3. Nf3 a6 4. e3 e6 5. Bxc4 Nf6 6. O-O Be7 7. Qe2 O-O 8. Nc3
Nbd7 9. e4 Nb6 10. Bb3 c5 11. dxc5 Bxc5 12. Bg5 h6 13. Rad1 Nbd7 14. Bc1 Bb4
15. e5 Bxc3 16. bxc3 Nh7 17. Rd4 Re8 18. Rfd1 Qe7 19. Qc4 Ndf8 20. Bc2 b5 21.
Qd3 Bb7 22. a4 Bc6 23. Rd6 Qb7 24. Nd4 Bxg2 25. axb5 axb5 26. Qxb5 Rec8 27. Rb6
Qd5 28. Qe2 Ra2 29. Nf5 Qf3 30. Ne7+ Kh8 31. Qxf3 Bxf3 32. Nxc8 Bxd1 33. Bb1
Re2 34. Nd6 Re1+ 35. Kg2 Bh5 36. Bf4 g5 37. Be3 Nd7 38. Rb5 Nhf8 39. Bd4 Kg8
40. Be4 Ng6 41. Bxg6 Bxg6 42. Ra5 Kh7 43. c4 Rd1 44. Ra7 Rxd4 45. Rxd7 Rg4+ 46.
Kf3 Rf4+ 47. Kg3 h5 48. c5 h4+ 49. Kg2 Bh5 50. Kf1 Kg6 51. c6 Bf3 52. Nc8 Rc4
53. Ke1 Bxc6 54. Ne7+ Kg7 55. Rd8 f6 56. Rd6 Ba4 57. exf6+ Kxf6 58. Nd5+ Ke5
59. Ne3 Rc1+ 60. Kd2 Kxd6 61. Kxc1 Ke5 62. Kd2 Kf4 63. Ke1 Kf3 64. Kf1 Bb3 65.
Ke1 g4 66. Kf1 g3 67. hxg3 hxg3 68. Nc4 Bxc4+ 69. Kg1 gxf2+ 70. Kh2 0-1

[Event "Mundolsheim-Reims Echec et Mat"]
[Site "Epinal"]
[Date "2008.04.05"]
[Round "10.6"]
[White "Billon, Olivier"]
[Black "Hoffmann, Regis"]
[Result "0-1"]
[WhiteElo "1988"]
[BlackElo "2140"]
[PlyCount "78"]
[EventDate "2008.04.05"]
[SourceDate "2007.10.27"]

1. e4 d6 2. d4 g6 3. Nc3 Bg7 4. f4 a6 5. Nf3 b5 6. e5 Bb7 7. Bd3 Nd7 8. Qe2 e6
9. O-O Ne7 10. Ng5 O-O 11. Qg4 Nf5 12. d5 Qe7 13. Qh3 h6 14. Nxf7 Rxf7 15. g4
dxe5 16. gxf5 exf5 17. fxe5 Nxe5 18. Bxh6 Nxd3 19. Bxg7 Qc5+ 20. Kh1 Kxg7 21.
cxd3 b4 22. d4 Bxd5+ 23. Nxd5 Qxd5+ 24. Qg2 Qxg2+ 25. Kxg2 Rd8 26. Rfd1 Rd5 27.
Rac1 Rfd7 28. Rc6 a5 29. Kg3 Rxd4 30. Rxd4 Rxd4 31. Rxc7+ Kf6 32. Rc5 Rd3+ 33.
Kg2 a4 34. Rc2 g5 35. Rc6+ Ke5 36. Rc5+ Ke4 37. Rc4+ Rd4 38. Rxd4+ Kxd4 39. Kf3
Kd3 0-1

[Event "Mundolsheim-Reims Echec et Mat"]
[Site "Epinal"]
[Date "2008.04.05"]
[Round "10.7"]
[White "Bodlenner, Camille"]
[Black "Desanlis, Anne Sophie"]
[Result "1/2-1/2"]
[WhiteElo "1873"]
[BlackElo "1910"]
[PlyCount "61"]
[EventDate "2008.04.05"]
[SourceDate "2007.10.27"]

1. e4 c5 2. d4 cxd4 3. c3 dxc3 4. Nxc3 Nc6 5. Nf3 g6 6. Bc4 Bg7 7. O-O e6 8.
Nb5 a6 9. Nd6+ Kf8 10. Rb1 Nge7 11. Qd2 Kg8 12. b3 h6 13. Bb2 Qf8 14. Rfd1 b5
15. Be2 Bxb2 16. Qxb2 Qg7 17. Qd2 Kh7 18. Qf4 Rf8 19. Nxc8 Raxc8 20. Rxd7 Rfd8
21. Rxd8 Rxd8 22. h3 e5 23. Qe3 Nd4 24. Rc1 Rc8 25. Rxc8 Nxc8 26. Bd3 Qf6 27.
Nd2 Nd6 28. Nb1 b4 29. Nd2 a5 30. Bc4 Kg7 31. Qd3 1/2-1/2

[Event "Obernai-Bischwiller II"]
[Site "Epinal"]
[Date "2008.04.05"]
[Round "10.1"]
[White "Stahl, Clement"]
[Black "Lutz, Eric"]
[Result "0-1"]
[WhiteElo "2069"]
[BlackElo "2237"]
[PlyCount "86"]
[EventDate "2008.04.05"]
[SourceDate "2007.10.27"]

1. e4 e5 2. Nf3 Qe7 3. Bc4 d6 4. c3 h6 5. Bb3 g5 6. d3 Bg7 7. Na3 Na6 8. Nc4 f5
9. exf5 Bxf5 10. Ne3 Bg6 11. Bc4 Nc5 12. d4 exd4 13. Nxd4 O-O-O 14. O-O c6 15.
Nef5 Bxf5 16. Nxf5 Qf6 17. Nxg7 Qxg7 18. Be3 Nf6 19. b4 Nce4 20. Be6+ Kb8 21.
Qd4 c5 22. bxc5 dxc5 23. Qc4 Qe7 24. Qb3 Rd6 25. Bc4 Rhd8 26. Rae1 Qc7 27. f3
Nd2 28. Bxd2 Rxd2 29. Re6 R2d6 30. Qc2 Rxe6 31. Bxe6 Qe5 32. Bb3 Nh5 33. Rd1
Qe3+ 34. Kf1 Rxd1+ 35. Qxd1 Kc7 36. Qe2 Qxc3 37. Qe7+ Kb6 38. Qd6+ Ka5 39. Bd5
Nf4 40. Qc7+ Ka4 41. Bb3+ Ka3 42. Qd6 Qe3 43. Qd1 Nd3 0-1

[Event "Obernai-Bischwiller II"]
[Site "Epinal"]
[Date "2008.04.05"]
[Round "10.2"]
[White "Schulz, Vladimir"]
[Black "Remaitre, Alexandre"]
[Result "1/2-1/2"]
[WhiteElo "2217"]
[BlackElo "2017"]
[PlyCount "138"]
[EventDate "2008.04.05"]
[SourceDate "2007.10.27"]

1. Nf3 Nf6 2. d4 g6 3. c4 c6 4. Nc3 d5 5. cxd5 cxd5 6. g3 Bg7 7. Bg2 O-O 8. Ne5
Na6 9. O-O Nc7 10. Qb3 b6 11. a4 Bb7 12. a5 e6 13. Bg5 Nce8 14. a6 Bc8 15. e4
Nc7 16. Ng4 h5 17. Nxf6+ Bxf6 18. Bxf6 Qxf6 19. exd5 exd5 20. Nxd5 Nxd5 21.
Qxd5 Be6 22. Qe5 Qxe5 23. dxe5 Rac8 24. Rfc1 Rc4 25. Rxc4 Bxc4 26. Rc1 Bxa6 27.
Ra1 Bc4 28. Rxa7 Rd8 29. Ra8 Rxa8 30. Bxa8 f6 31. exf6 Kf7 32. Kg2 Kxf6 33. h4
Ke5 34. Kf3 Bd3 35. Ke3 Bb1 36. f4+ Kf5 37. Bf3 Kf6 38. Be4 Ba2 39. Kd4 Bf7 40.
Bc6 Be6 41. Be4 Bf7 42. Bd5 Be8 43. Bf3 Bf7 44. g4 hxg4 45. Bxg4 Bb3 46. h5
gxh5 47. Bxh5 Kf5 48. Ke3 Bc2 49. Be8 Ke6 50. Bc6 Kf5 51. Bd7+ Kf6 52. Kd4 Bb3
53. Kc3 Bd1 54. Kc4 Ke7 55. Bh3 Kd6 56. Kb5 Kc7 57. Bf1 Bg4 58. Bd3 Bc8 59. f5
Bd7+ 60. Ka6 Bc8+ 61. Ka7 b5 62. f6 Be6 63. Bxb5 Bf7 64. b4 Kd6 65. Kb6 Ke5 66.
Kc5 Kxf6 67. Kd6 Bb3 68. Bc6 Bc4 69. Bd5 Bd3 1/2-1/2

[Event "Obernai-Bischwiller II"]
[Site "Epinal"]
[Date "2008.04.05"]
[Round "10.3"]
[White "Grandidier, Raphael"]
[Black "Netzer, Jacques"]
[Result "1-0"]
[WhiteElo "2023"]
[BlackElo "2059"]
[PlyCount "71"]
[EventDate "2008.04.05"]
[SourceDate "2007.10.27"]

1. e4 c5 2. Nf3 e6 3. d3 Nc6 4. g3 g6 5. Bg2 Bg7 6. O-O Nge7 7. Nbd2 O-O 8. Re1
d6 9. h4 e5 10. c3 b5 11. a4 b4 12. Nc4 Rb8 13. Bg5 h6 14. Bd2 Be6 15. Qc1 Kh7
16. Be3 f5 17. h5 fxe4 18. Nh4 d5 19. hxg6+ Kg8 20. Bxh6 dxc4 21. Bxe4 Bd5 22.
Qg5 Bxe4 23. dxe4 Qd6 24. Qh5 Qf6 25. Be3 Rfd8 26. Qh7+ Kf8 27. Bxc5 Ke8 28.
Re3 Rd3 29. cxb4 Rbd8 30. Rae1 Rxe3 31. Rxe3 Rd3 32. Re1 Nd4 33. Bxe7 Kxe7 34.
Qg8 Rd2 35. Nf5+ Nxf5 36. exf5 1-0

[Event "Obernai-Bischwiller II"]
[Site "Epinal"]
[Date "2008.04.05"]
[Round "10.4"]
[White "Genzling, Sylvie"]
[Black "Wimmer, Olivier"]
[Result "0-1"]
[WhiteElo "1955"]
[BlackElo "2055"]
[PlyCount "156"]
[EventDate "2008.04.05"]
[SourceDate "2007.10.27"]

1. e4 d6 2. d4 Nf6 3. Nc3 Nbd7 4. Nf3 e5 5. Bc4 Be7 6. O-O O-O 7. h3 c6 8. a4
b6 9. Re1 a6 10. Be3 Rb8 11. Bd3 Qc7 12. Ne2 c5 13. dxe5 dxe5 14. c4 Rd8 15.
Qc2 Bb7 16. Ng3 g6 17. Bd2 Bc6 18. Bc3 Bd6 19. b3 Nf8 20. Qb2 N6d7 21. Nh2 Ne6
22. Ng4 Nf4 23. Bf1 h5 24. Nh2 h4 25. Nh1 Nf6 26. Nf3 Re8 27. Qc2 Qb7 28. Nd2
Rbd8 29. f3 N6h5 30. Nf2 Qe7 31. Nb1 Qg5 32. Bd2 Bc7 33. Be3 f5 34. Nc3 Ng3 35.
Bxf4 exf4 36. Nd5 Be5 37. Rad1 Bd4 38. Bd3 Bxd5 39. exd5 Re3 40. Kh2 Rde8 41.
Qd2 Qe7 42. Rg1 Ne2 43. Rgf1 Qg5 44. Nh1 Nc3 45. Rde1 R8e5 46. Nf2 Qe7 47. Rc1
Re2 48. Bxe2 Rxe2 49. Qd3 Re3 50. Qd2 Qg5 51. b4 Qg3+ 52. Kh1 Re2 53. Qd3 Rxf2
54. Rxf2 Qxf2 55. b5 a5 56. Rf1 Qe3 57. Qc2 Kf7 58. Kh2 Kf6 59. Kh1 Qe2 60.
Qxe2 Nxe2 61. Re1 Ng3+ 62. Kh2 Be3 63. Rd1 Ke7 64. Rd3 Kd6 65. Rd1 g5 66. Rd3
Nf1+ 67. Kh1 Nd2 68. Rc3 Ke5 69. Rc2 Nf1 70. Rc3 Ng3+ 71. Kh2 Nh5 72. Rd3 Nf6
73. d6 Bd4 74. Rd2 Kxd6 75. Re2 Be3 76. Re1 Nd7 77. Rd1+ Ke6 78. Rd5 Ne5 0-1

[Event "Obernai-Bischwiller II"]
[Site "Epinal"]
[Date "2008.04.05"]
[Round "10.5"]
[White "Brunstein, Sandrine"]
[Black "Saatdjian, Stephane"]
[Result "0-1"]
[WhiteElo "2056"]
[BlackElo "1860"]
[PlyCount "226"]
[EventDate "2008.04.05"]
[SourceDate "2007.10.27"]

1. e4 c5 2. Nf3 Nc6 3. c3 Nf6 4. e5 Nd5 5. d4 cxd4 6. cxd4 d6 7. Bc4 e6 8. O-O
Nb6 9. Bd3 Be7 10. exd6 Bxd6 11. Nc3 h6 12. Re1 Bb8 13. Re4 O-O 14. Ne5 Nd5 15.
Nxc6 bxc6 16. Na4 Qc7 17. g3 Nf6 18. Re1 Rd8 19. Nc5 Qe7 20. f4 Bd6 21. Be3 Nd5
22. Qe2 Rb8 23. Bf2 Bxc5 24. dxc5 Nb4 25. Bc4 Nd5 26. Rad1 Qb7 27. Rd2 a5 28.
a3 Qa7 29. Qe4 Ba6 30. Ba2 Qb7 31. Red1 Re8 32. Bb1 Nf6 33. Qc2 Qb3 34. Bd4
Qxc2 35. Bxc2 Nd5 36. Kf2 Rb7 37. Be4 Bc4 38. Rc1 Bb3 39. Bc3 Nxc3 40. Rxc3 Bd5
41. Ke3 Reb8 42. Rcc2 Rb3+ 43. Kd4 Kf8 44. Bd3 Ke7 45. Bc4 R3b7 46. Be2 Rb3 47.
Bd3 g6 48. g4 Bf3 49. g5 hxg5 50. fxg5 Bd5 51. h4 Rd8 52. Ke3 Rdb8 53. Kf4 Rh8
54. Kg4 Rhb8 55. Be2 Be4 56. Rc4 Bf5+ 57. Kf4 Rxb2 58. Rxb2 Rxb2 59. Bf3 Bd3
60. Ra4 Rb5 61. Rd4 Bf5 62. Rc4 Kd7 63. Rc3 Rb2 64. Ke5 Rh2 65. Rc4 Ra2 66. Ra4
Rf2 67. Kf4 e5+ 68. Kg3 Rc2 69. Rxa5 Rc3 70. Kf2 e4 71. Be2 Ke6 72. h5 gxh5 73.
Bxh5 Bg6 74. Bg4+ Kd5 75. Ra7 Kxc5 76. Bd7 e3+ 77. Kf3 Bh5+ 78. Bg4 e2+ 79.
Kxe2 Bxg4+ 80. Kd2 Rg3 81. Rxf7 Rxa3 82. Rf4 Be6 83. Rf6 Bd5 84. Rf5 Rg3 85.
Ke2 Kd6 86. Kf2 Rg4 87. Ke3 Ke6 88. Rf6+ Ke5 89. Rg6 Kf5 90. Rd6 Rxg5 91. Kd4
Rg1 92. Rd8 Rd1+ 93. Kc5 Rc1+ 94. Kd4 Ke6 95. Re8+ Kd7 96. Rh8 Rc4+ 97. Kd3 Kd6
98. Rd8+ Kc5 99. Rh8 Ra4 100. Kc3 Ra3+ 101. Kb2 Rg3 102. Rh4 Kb5 103. Kc2 c5
104. Rh8 Kb4 105. Rh5 Be4+ 106. Kd2 c4 107. Rh8 Rd3+ 108. Ke2 Kc3 109. Re8 Rd2+
110. Ke1 Bd3 111. Ra8 Rb2 112. Ra3+ Rb3 113. Ra8 Kc2 0-1

[Event "Obernai-Bischwiller II"]
[Site "Epinal"]
[Date "2008.04.05"]
[Round "10.7"]
[White "Krauss, Bernard"]
[Black "Schaeffer, Vincent"]
[Result "1-0"]
[WhiteElo "1942"]
[BlackElo "1894"]
[PlyCount "103"]
[EventDate "2008.04.05"]
[SourceDate "2007.10.27"]

1. e4 e5 2. Nf3 Nc6 3. Bb5 a6 4. Ba4 d6 5. c3 Bd7 6. O-O Nf6 7. Re1 Be7 8. h3
O-O 9. d4 b5 10. Bb3 h6 11. Nbd2 Re8 12. Nf1 Bf8 13. Ng3 Na5 14. Bc2 c5 15. d5
Be7 16. b3 c4 17. b4 Nb7 18. Be3 a5 19. a3 a4 20. Kh1 Nh7 21. Rg1 Ng5 22. Nf5
Bxf5 23. exf5 Nxf3 24. Qxf3 Bg5 25. Rae1 Bxe3 26. Rxe3 Qf6 27. g4 Qg5 28. Qg3
Qf4 29. Qg2 Qg5 30. Rge1 Kf8 31. f3 Rac8 32. Re4 Ra8 33. Qf2 Qd8 34. h4 f6 35.
f4 Kf7 36. g5 hxg5 37. fxg5 fxg5 38. Rg4 Rh8 39. Qg2 Rxh4+ 40. Rxh4 gxh4 41.
Qg6+ Kf8 42. Rg1 Qf6 43. Qh5 Qf7 44. Rg6 Qxd5+ 45. Kg1 Rd8 46. Be4 Qf7 47. Bxb7
d5 48. Qh8+ Qg8 49. Qxh4 Rb8 50. Rd6 Qf7 51. Bxd5 Qxf5 52. Rd8+ 1-0

[Event "Obernai-Bischwiller II"]
[Site "Epinal"]
[Date "2008.04.05"]
[Round "10.8"]
[White "Bellahcene, Bilel"]
[Black "Francois, Robert"]
[Result "1-0"]
[WhiteElo "1685"]
[BlackElo "1470"]
[PlyCount "45"]
[EventDate "2008.04.05"]
[SourceDate "2007.10.27"]

1. e4 c5 2. Nf3 Qc7 3. Nc3 a6 4. d4 cxd4 5. Nxd4 e5 6. Nd5 Qd8 7. Nf3 Nc6 8.
Be3 Nf6 9. Bb6 Nxd5 10. Bxd8 Bb4+ 11. Nd2 Nde7 12. Bxe7 Nxe7 13. c3 Bd6 14. Nc4
Bc7 15. Nd6+ Bxd6 16. Qxd6 f6 17. O-O-O b5 18. f4 Nc6 19. Be2 h5 20. f5 Nd8 21.
Qd5 Nc6 22. Bxh5+ Kd8 23. Qxc6 1-0

[Event "Vandoeuvre II-Grenoble"]
[Site "Epinal"]
[Date "2008.04.05"]
[Round "10.1"]
[White "Zaragatski, Ilja"]
[Black "Foisor, Ovidiu"]
[Result "1/2-1/2"]
[WhiteElo "2453"]
[BlackElo "2414"]
[PlyCount "53"]
[EventDate "2008.04.05"]
[SourceDate "2007.10.27"]

1. e4 c6 2. d4 g6 3. Nc3 d5 4. Nf3 Bg7 5. h3 Nh6 6. Bf4 Qb6 7. Qc1 dxe4 8. Nxe4
Nf5 9. c3 Be6 10. Bd3 Bd5 11. O-O Nd7 12. Re1 O-O 13. Ned2 Rfe8 14. Bxf5 gxf5
15. Ne5 Nf8 16. c4 Be6 17. Ndf3 f6 18. Nd3 Rad8 19. Qc3 Bf7 20. Bh2 Ne6 21. c5
Qa6 22. a4 Rd7 23. b4 Nxd4 24. Nxd4 Qc4 25. Qxc4 Bxc4 26. Nxf5 Bxd3 27. Nxg7
1/2-1/2

[Event "Vandoeuvre II-Grenoble"]
[Site "Epinal"]
[Date "2008.04.05"]
[Round "10.2"]
[White "Foisor, Cristina"]
[Black "Schlawin, Marlon"]
[Result "1/2-1/2"]
[WhiteElo "2364"]
[BlackElo "2322"]
[PlyCount "71"]
[EventDate "2008.04.05"]
[SourceDate "2007.10.27"]

1. Nf3 e6 2. g3 c5 3. Bg2 Nf6 4. O-O Be7 5. c4 O-O 6. d4 cxd4 7. Nxd4 a6 8. Nc3
Qc7 9. e4 d6 10. Be3 Nc6 11. Rc1 Nxd4 12. Bxd4 Rb8 13. Qe2 Nd7 14. Rfd1 b6 15.
b3 Bb7 16. Qb2 Rfd8 17. Nd5 exd5 18. cxd5 Nc5 19. b4 Bf8 20. bxc5 bxc5 21. Qa3
Bc8 22. Bc3 Re8 23. Qa4 Qd7 24. Qc2 Qc7 25. Bf1 g6 26. Re1 Bg7 27. h4 f5 28.
exf5 Bxf5 29. Rxe8+ Rxe8 30. Qa4 Qf7 31. Bxg7 Kxg7 32. Qxa6 Be4 33. Qxd6 Qf3
34. Qd7+ Kh6 35. Qh3 Bxd5 36. Bd3 {suite illisible} 1/2-1/2

[Event "Vandoeuvre II-Grenoble"]
[Site "Epinal"]
[Date "2008.04.05"]
[Round "10.3"]
[White "Iglesias, Joachim"]
[Black "Broca, Alexandre"]
[Result "1/2-1/2"]
[WhiteElo "2166"]
[BlackElo "2151"]
[PlyCount "59"]
[EventDate "2008.04.05"]
[SourceDate "2007.10.27"]

1. d4 Nf6 2. c4 c5 3. dxc5 Na6 4. Nc3 Nxc5 5. g3 Nce4 6. Nxe4 Nxe4 7. Nf3 e6 8.
Bg2 Bb4+ 9. Nd2 Nxd2 10. Bxd2 Qa5 11. a3 Bxd2+ 12. Qxd2 Qxd2+ 13. Kxd2 d6 14.
Kc3 h5 15. Rad1 Ke7 16. Rd3 a5 17. Rhd1 Ra6 18. c5 dxc5 19. Bxb7 Ra7 20. Bxc8
Rxc8 21. Rd6 h4 22. Rb6 hxg3 23. hxg3 Rh8 24. Rc6 Rh2 25. Rf1 Rh5 26. Kc4 Rb7
27. b3 a4 28. bxa4 Re5 29. a5 Re4+ 30. Kc3 1/2-1/2

[Event "Vandoeuvre II-Grenoble"]
[Site "Epinal"]
[Date "2008.04.05"]
[Round "10.4"]
[White "Chevant, Louis"]
[Black "Julian, Stephane"]
[Result "0-1"]
[WhiteElo "2176"]
[BlackElo "2140"]
[PlyCount "106"]
[EventDate "2008.04.05"]
[SourceDate "2007.10.27"]

1. Nf3 Nf6 2. c4 c6 3. g3 d5 4. Bg2 g6 5. O-O Bg7 6. cxd5 cxd5 7. d4 O-O 8. Ne5
Nbd7 9. Nc3 e6 10. Bf4 Nh5 11. Nxd7 Qxd7 12. Be3 h6 13. Bf3 Nf6 14. h4 h5 15.
Qd2 b6 16. Bg5 Bb7 17. Qf4 Ne4 18. Bxe4 dxe4 19. Bf6 Bxf6 20. Qxf6 Qd6 21. Rfd1
Rfd8 22. e3 a6 23. Rac1 Rac8 24. a3 Rc7 25. Ne2 Rdc8 26. Rxc7 Rxc7 27. Nc3 Bd5
28. Qg5 Kg7 29. Rd2 f6 30. Qf4 Qxf4 31. gxf4 Kf7 32. Kf1 Bc4+ 33. Ke1 Bd3 34.
Rd1 a5 35. Kd2 b5 36. b4 axb4 37. axb4 Rc4 38. Ra1 Rxb4 39. Ra7+ Kf8 40. Ra8+
Kf7 41. Ra7+ Ke8 42. Ra2 Rb3 43. Ra8+ Ke7 44. Ra7+ Kf8 45. Ra8+ Kg7 46. Nd1 g5
47. fxg5 fxg5 48. hxg5 b4 49. Re8 Bc4 50. Kc2 Ra3 51. Nb2 Rc3+ 52. Kd2 Bb3 53.
Ke1 Rc1+ 0-1

[Event "Vandoeuvre II-Grenoble"]
[Site "Epinal"]
[Date "2008.04.05"]
[Round "10.5"]
[White "Steil Antoni, Fiona"]
[Black "Forgues, Fabien"]
[Result "1/2-1/2"]
[WhiteElo "2125"]
[BlackElo "2162"]
[PlyCount "93"]
[EventDate "2008.04.05"]
[SourceDate "2007.10.27"]

1. e4 e5 2. Bc4 Nf6 3. Nc3 Bc5 4. d3 c6 5. f4 d6 6. Nf3 b5 7. Bb3 Nbd7 8. Qe2
Qe7 9. a3 Bb7 10. Be3 a5 11. Ba2 b4 12. Nd1 Ba6 13. Qd2 exf4 14. Bxc5 Nxc5 15.
Nd4 O-O 16. O-O Ne6 17. Nf5 Qa7+ 18. Nf2 bxa3 19. bxa3 d5 20. exd5 cxd5 21. Kh1
Qc7 22. Qd1 Rad8 23. Ng4 Nxg4 24. Qxg4 Qe5 25. Ne7+ Kh8 26. Rae1 Qf6 27. Nxd5
Qb2 28. Bc4 Bxc4 29. dxc4 Qxc2 30. Nxf4 Nxf4 31. Qxf4 Rc8 32. Rc1 Qb3 33. Qf3
Qb6 34. h3 h6 35. Qd5 Rc5 36. Rxf7 Rfc8 37. Qd4 Qg6 38. Rf2 Qg3 39. Rfc2 Qxa3
40. Rc3 Qb4 41. Rg3 Qb7 42. Rg6 Kh7 43. Rd6 Qf7 44. Qd3+ Qf5 45. Qxf5+ Rxf5 46.
Ra6 Rfc5 47. Ra1 1/2-1/2